01292nam a2200313Ia 4500001001200000003000800012006001900020007001500039008004100054020001800095020001800113040002100131035002100152050002400173100001900197245016900216260006100385300001800446440003500464504004100499533015200540610003000692650004500722655002900767700002200796710001700818856012600835999001700961ebr10627132CaPaEBRm u cr cn|||||||||121206s2012 dcua sb 000 0 eng d z9781475505399 z9781475522181 aCaPaEBRcCaPaEBR a(OCoLC)80183486814aHG1212b.C48 2012eb1 aCevik, Serhan.10aLost in transmission?h[electronic resource] :bthe effectiveness of monetary policy transmission channels in the GCC countries /cSerhan Cevik and Katerina Teksoz. aWashington, D.C. :bInternational Monetary Fund,cc2012. a34 p. :bill. 0aIMF working paper ;vWP/12/191 aIncludes bibliographical references. aElectronic reproduction.bPalo Alto, Calif. :cebrary,d2011.nAvailable via World Wide Web.nAccess may be limited to ebrary affiliated libraries.20aGulf Cooperation Council. 0aTransmission mechanism (Monetary policy) 7aElectronic books.2local1 aTeksoz, Katerina.2 aebrary, Inc.40uhttp://site.ebrary.com/lib/rucke/Doc?id=10627132zAn electronic book accessible through the World Wide Web; click to view c50291d50291